|
|
|
|
| LEADER |
03372nam a22003853i 4500 |
| 001 |
EBC7268873 |
| 003 |
MiAaPQ |
| 005 |
20231204023229.0 |
| 006 |
m o d | |
| 007 |
cr cnu|||||||| |
| 008 |
231204s2023 xx o ||||0 ger d |
| 020 |
|
|
|a 9783839464182
|q (electronic bk.)
|
| 020 |
|
|
|z 9783837664188
|
| 035 |
|
|
|a (MiAaPQ)EBC7268873
|
| 035 |
|
|
|a (Au-PeEL)EBL7268873
|
| 035 |
|
|
|a (OCoLC)1390558362
|
| 040 |
|
|
|a MiAaPQ
|b eng
|e rda
|e pn
|c MiAaPQ
|d MiAaPQ
|
| 100 |
1 |
|
|a Gertel, Jörg.
|
| 245 |
1 |
0 |
|a Globale Getreidemärkte :
|b Technoliberalismus und gefährdete Existenzsicherung in Nordafrika.
|
| 250 |
|
|
|a 1st ed.
|
| 264 |
|
1 |
|a Bielefeld :
|b transcript,
|c 2023.
|
| 264 |
|
4 |
|c {copy}2023.
|
| 300 |
|
|
|a 1 online resource (317 pages)
|
| 336 |
|
|
|a text
|b txt
|2 rdacontent
|
| 337 |
|
|
|a computer
|b c
|2 rdamedia
|
| 338 |
|
|
|a online resource
|b cr
|2 rdacarrier
|
| 490 |
1 |
|
|a Global Studies
|
| 505 |
0 |
|
|a Cover -- Inhalt -- Vorwort -- Schreibweisen -- Märkte im Gefüge von Technoliberalismus und Hunger -- Ökonomie -- Markt -- Technoliberalismus -- Nahrungskrisen und Hunger -- Gliederung und Argumentation -- Koloniale Hungerkrisen und Interventionen -- Koloniale Hungerkrisen -- Marokko: Fes -- Nordnigeria: Kano -- Sudan: Darfur -- Nordtschad: Abeche -- Naher Osten: Beirut -- Fazit -- Internationale Getreidemärkte -- Chicago: Der Chicago Board of Trade (CBOT) -- Ägyptens Weizendefizit und die Rolle der USA -- Das Oligopol internationaler Getreidehändler -- Fazit -- Quellen zu Abb. 3-1 -- Dynamische Weizen‐Netzwerke -- Die Bedeutung von Weizen in Frankreich -- Das französische Kooperativensystem -- Frankreich: Billiger Lieferant in Krisenfällen? -- Implikationen -- Getreide‐Futures -- Investmentbanken -- Algorithmen -- Hochfrequenzhandel -- Fazit -- ›Brot, Freiheit und soziale Gerechtigkeit‹ -- Nahrung als Grundbedürfnis und Kern des politischen Kampfes- das Jahr 1977 -- Die Bedeutung von Nahrung in den ägyptischen Revolutionsslogans -- Historische Dimension der Protestbewegungen -- Nahrungsmittel in Protestslogans als vereinendes Diskurselement -- Schlussfolgerungen -- Fazit -- Brot und Staat im Jahr der Revolution 2011 -- Digitalisierung staatlicher Nahrungsversorgung -- Geschichte des ägyptischen Subventionsprogrammes -- Ziele der Reformen in den 2010er Jahren -- Reformen beim Subventionsprogramm -- Übergangsregelungen -- Politische Umsetzung -- Bewertung der Reformmaßnahmen -- Schlussfolgerungen -- Nahrungsunsicherheit -- Getreideversorgung Ägyptens -- Kairo: Struktur und Dynamik -- Kairo: Haushaltuntersuchung 1995 -- Vor der Revolution 2011 -- Nach der Revolution 2011 -- Kairo 2016 -- Krisen im Kontext von Corona‐Pandemie und Ukraine Krieg -- Fazit -- Epilog -- Literatur -- Autorinnen und Autoren.
|
| 588 |
|
|
|a Description based on publisher supplied metadata and other sources.
|
| 590 |
|
|
|a Electronic reproduction. Ann Arbor, Michigan : ProQuest Ebook Central, 2023. Available via World Wide Web. Access may be limited to ProQuest Ebook Central affiliated libraries.
|
| 655 |
|
4 |
|a Electronic books.
|
| 776 |
0 |
8 |
|i Print version:
|a Gertel, Jörg
|t Globale Getreidemärkte
|d Bielefeld : transcript,c2023
|z 9783837664188
|
| 797 |
2 |
|
|a ProQuest (Firm)
|
| 830 |
|
0 |
|a Global Studies
|
| 856 |
4 |
0 |
|u https://ebookcentral.proquest.com/lib/matrademy/detail.action?docID=7268873
|z Click to View
|